| 000 | 00000nam##2200000za#4500 |
| 001 | 9.571191 |
| 003 | CaOODSP |
| 005 | 20210624182613 |
| 007 | cr ||||||||||| |
| 008 | 150406|2007||||xxc|||||o f|0| 0 eng|d |
| 040 | |aCaOODSP|beng |
| 043 | |an-cn--- |
| 086 | 1 |aYC34-0/391-8E-PDF |
| 110 | 1 |aCanada. |bParliament. |bSenate. |bStanding Committee on Official Languages. |
| 245 | 10|aRelocation of head offices of federal institutions : |h[electronic resource]|brespect for language rights / |cThe Honourable Maria Chaput, chair ; the Honourable Wilbert Joseph Keon, acting deputy chair. |
| 260 | |aOttawa - Ontario : |bSenate. |cMay 2007. |
| 300 | |a39p.|breferences, table |
| 490 | 1 |aReport of the Standing Senate Committee on Official Languages|v39th Parliament, 1st Session, [8th report] |
| 590 | |a11-12-Supp|b2011-07-29 |
| 775 | 08|tLe déménagement de sièges sociaux d'institutions fédérales : |w(CaOODSP)9.601822 |
| 830 | #0|aReport of the Standing Senate Committee on Official Languages ;|v39th Parliament, 1st Session, [8th report]|w(CaOODSP)9.505258 |
| 856 | 40|ahttp://publications.gc.ca|qPDF|s362 KB|uhttps://publications.gc.ca/collections/collection_2011/sen/yc34-0/YC34-0-391-8-eng.pdf|y39th Parliament, 1st Session, [8th report] |